Strategic collaboration (Record no. 103657)

MARC details
000 -LEADER
fixed length control field 00857cam a2200241 4500
008 - FIXED-LENGTH DATA ELEMENTS--GENERAL INFORMATION
fixed length control field 040721n2002 000 0 eng u
020 ## - INTERNATIONAL STANDARD BOOK NUMBER
International Standard Book Number 0340850523
035 ## - SYSTEM CONTROL NUMBER
System control number (Sirsi) u126854
041 ## - LANGUAGE CODE
Language code of text/sound track or separate title eng
050 ## - LIBRARY OF CONGRESS CALL NUMBER
Classification number 658
-- 18
100 ## - MAIN ENTRY--PERSONAL NAME
Personal name Cardell, Stephen
245 ## - TITLE STATEMENT
Title Strategic collaboration
Remainder of title creating the extended organization
260 ## - PUBLICATION, DISTRIBUTION, ETC.
Place of publication, distribution, etc. London
Name of publisher, distributor, etc. Hodder and Stoughton
Date of publication, distribution, etc. 2002
300 ## - PHYSICAL DESCRIPTION
Extent vii, 168p.
Dimensions 25cm
350 ## - PRICE (NR) (BK AM CF MU VM SE) [OBSOLETE]
Price 11.89
490 ## - SERIES STATEMENT
Series statement Management Consultancies Associations Series
520 ## - SUMMARY, ETC.
Summary, etc. Increasingly total supply chain costs will be incurred from outside the business organisation. Aims to help senior managers and consultants identify, build and develop value-creating partnership relationships.
650 ## - SUBJECT ADDED ENTRY--TOPICAL TERM
Topical term or geographic name entry element COLLABORATION
650 ## - SUBJECT ADDED ENTRY--TOPICAL TERM
Topical term or geographic name entry element SUPPLY CHAIN MANAGEMENT
650 ## - SUBJECT ADDED ENTRY--TOPICAL TERM
Topical term or geographic name entry element E-COMMERCE
690 ## - LOCAL SUBJECT ADDED ENTRY--TOPICAL TERM (OCLC, RLIN)
Topical term or geographic name as entry element MANAGEMENT
942 ## - ADDED ENTRY ELEMENTS (KOHA)
Suppress in OPAC 0
Holdings
Withdrawn status Lost status Source of classification or shelving scheme Damaged status Not for loan Home library Current library Shelving location Date acquired Cost, normal purchase price Total Checkouts Full call number Barcode Date last seen Date last checked out Copy number Cost, replacement price Price effective from Koha item type
    Dewey Decimal Classification     London London Books 18/02/2005 11.89 2 658 CAR 30069814 06/08/2019 06/02/2009 1 11.89 06/08/2019 Book